Curso de Derecho Penal. Parte General.
Guardat en:
| Autor principal: | |
|---|---|
| Format: | Desconegut |
| Publicat: |
Santiago, Chile:
Ediciones UC,
2023.
|
| Col·lecció: | Textos Universitarios.
|
| Matèries: | |
| Etiquetes: |
Afegir etiqueta
Sense etiquetes, Sigues el primer a etiquetar aquest registre!
|
MARC
| LEADER | 00000 a2200000 4500 | ||
|---|---|---|---|
| 003 | CL-VaPUC | ||
| 005 | 20231206133128.0 | ||
| 008 | 230523t2023 ||||| |||| 00| 0 eng d | ||
| 999 | |c 440935 |d 440933 | ||
| 020 | |a 978-956-14-30883-9 | ||
| 040 | |c Pontificia Universidad Católica de Valparaíso | ||
| 082 | 7 | |a 345.83 WEE 2023 |2 22 | |
| 100 | |a Weezel, Alex van |9 569998 |e autor | ||
| 245 | |a Curso de Derecho Penal. |b Parte General. | ||
| 260 | |a Santiago, Chile: |b Ediciones UC, |c 2023. | ||
| 300 | |a 675 páginas. | ||
| 490 | |a Textos Universitarios. | ||
| 583 | |k GC |c 20230523 | ||
| 650 | 0 | |a Derecho penal chileno |9 328444 | |
| 650 | 0 | |a Teoría del delito |9 258906 |z Chile | |
| 942 | |2 ddc |c BK | ||
| 952 | |0 0 |1 0 |2 ddc |4 0 |6 345_830000000000000_WEE_2023 |7 0 |8 A |9 590141 |a BIBDER |b BIBDER |c GEN |d 2023-05-23 |e 22 |g 40000.66 |i 5657488 |l 23 |m 5 |o 345.83 WEE 2023 |p 5657488 |r 2025-04-29 |s 2025-04-11 |t 1 |v 40000.66 |w 2023-05-23 |y BK |k DER | ||